000 00304nam a22001337a 4500
008 170614b xxu||||| |||| 00| 0 eng d
020 _a0801493261
041 _aeng
080 _a32
100 _a19
101 _a19
245 _aSMALL STATES IN WORLD MARKETS
_cKATZENSTEIN.P.J
942 _2udc
_cBK
999 _c17437
_d17437